Adivina el artista según la canciún del genero urbano - Estadísticas

Estadísticas generales
  • Esta prueba ha sido intentada 142 veces
  • La puntuación promedio es 15 de 25
Estadísticas de respuestas
Hint Respuesta % Correcto
Efecto Bad Bunny
94%
Tusa KAROL G
91%
Amanece Anuel AA
84%
Extasy Myke Towers
83%
Diluvio Rauw Alejandro
83%
GIVENCHY Duki
81%
Candy Plan B
78%
Diabólica Cris Mj
76%
Soltera Lunay
71%
PASIEMPRE Tainy
69%
Triste Bryant Myers
68%
Gata Only FloyyMenor
68%
Pa' Que Retozen Tego Calderón
68%
Pa' Que La Pases Bien Arcangel
65%
Solita Ozuna
57%
Bonita J Balvin
54%
Manicomio Cosculluela
52%
PACTO Jay wheeler
52%
De las 2 Noriel
46%
Corazón Roto Brray
42%
Velitas Darell
40%
Soy una Gargola Alex Gargolas
35%
No Te Hagas Jory Boy
34%
Solida Almighty
33%
Pégate Standly
20%
No se encontraron pruebas coincidentes
Distribución de puntuación
Porcentaje de gente con cada puntuación
Porcentaje por número respondido
Historial de tus puntuaciones
No has intentado esta prueba.